000 00653nam a2200229Ia 4500
003 OSt
005 20220923220638.0
006 a|||||r|||| 00| 0
007 ta
008 220922b |||||||| |||| 00| 0 hin d
024 _a188,311
037 _cTextual
040 _aARTS
_cARTS
_bhin
041 _2hin
_ahin
082 _aV58:1:N, 152G4
100 _aमेहरोत्रा, प्रभूदयाल
245 0 _aआधुनिक रूस
246 _aĀdhunik rūsa
260 _c1934
942 _hV58:1:N, 152G4
_cTEXL
_2CC
999 _c341387
_d341387